000 00593cam a22002171 4500
001 sa 68007635
003 DLC
005 20260227112524.0
008 890920s1968 ii 000 0 tamo
010 _asa 68007635
035 _a(OCoLC)20372203
040 _aDLC
_cWaU
_dDLC
050 0 0 _aPL4754.T63
_bK8 1968
100 0 _aKul̲antai,
_cPulavar,
_d1906-1972.
245 1 0 _aTolkāppiyar kāla Tamil̲ar.
260 _c[1968]
300 _a16, 232 p.
_c19 cm.
500 _aIn Tamil.
600 0 0 _aTolkāppiyar.
_tTolkāppiyam.
650 0 _aTamil (Indic people)
_xSocial life and customs.
999 _c81943
_d81943